000 00503nam a2200181Ia 4500
003 GCL
008 140319s9999 xx 000 0 ara d
040 _aGCL /
_cGCL
082 0 4 _a813.083
_bم ب
100 1 _aمحمد الصاوى
245 1 0 _aالبياضة /
_cمحمد الصاوى
260 _a[S.N] :
_bدار المطبوعات الجامعية ،
_c1980
300 _a167 ص
490 _a
650 0 4 _aالادب العربى
650 0 4 _aالقصة القصيرة
942 _2ddc
_cBK
999 _c54177
_d54177